<?xml version="1.0" encoding="UTF-8"?>
<collection xmlns="http://www.loc.gov/MARC21/slim">
 <record>
  <leader>01293pamaa2200241   4500</leader>
  <controlfield tag="001">0000046563</controlfield>
  <controlfield tag="005">20121206090000.0</controlfield>
  <controlfield tag="008">100120                             eng  </controlfield>
  <datafield tag="020" ind1="0" ind2="0">
   <subfield code="a">9780521728423 (pbk.) </subfield>
  </datafield>
  <datafield tag="090" ind1="0" ind2="0">
   <subfield code="a">TP248.27.M53 </subfield>
   <subfield code="b">GLA 2007</subfield>
  </datafield>
  <datafield tag="100" ind1="1" ind2="0">
   <subfield code="a">Glazer </subfield>
  </datafield>
  <datafield tag="245" ind1="1" ind2="0">
   <subfield code="a">Microbial biotechnology : </subfield>
   <subfield code="b">fundamentals of applied microbiology  </subfield>
   <subfield code="c">Alexander N. Glazer, Hiroshi Nikaido.</subfield>
  </datafield>
  <datafield tag="250" ind1="0" ind2="0">
   <subfield code="a">2nd ed.</subfield>
  </datafield>
  <datafield tag="260" ind1="0" ind2="0">
   <subfield code="a">Cambridge ; New York: </subfield>
   <subfield code="b">Cambridge University Press, </subfield>
   <subfield code="c">2007.</subfield>
  </datafield>
  <datafield tag="300" ind1=" " ind2=" ">
   <subfield code="a">xvii, 554 p.: </subfield>
   <subfield code="b">ill.; </subfield>
   <subfield code="c">27 cm.</subfield>
  </datafield>
  <datafield tag="501" ind1="0" ind2="0">
   <subfield code="a">FAS</subfield>
  </datafield>
  <datafield tag="504" ind1="0" ind2="0">
   <subfield code="a">Includes bibliographical references and index</subfield>
  </datafield>
  <datafield tag="505" ind1="0" ind2="0">
   <subfield code="a">Microbial diversity -- Microbial biotechnology: scope, techniques, examples -- Production of proteins in bacteria and yeast -- The world of &quot;omics&quot; : genomics, transcriptomics, proteomics, and metabolomics -- Recombinant and synthetic vaccines -- Plant-microbe interactions -- Bacillus thuringiensis (Bt) toxins: microbial insecticides -- Microbial polysaccharides and polyesters -- Primary metaboloites: antibiotics and more -- Biocatalysis in organic chemistry -- Biomass -- Ethanol -- Environmental applications</subfield>
  </datafield>
  <datafield tag="650" ind1="0" ind2="0">
   <subfield code="a">Microbial biotechnology </subfield>
  </datafield>
  <datafield tag="650" ind1="0" ind2="0">
   <subfield code="a">Biotechnology </subfield>
  </datafield>
  <datafield tag="650" ind1="0" ind2="0">
   <subfield code="a">Microbiology </subfield>
  </datafield>
  <datafield tag="700" ind1="1" ind2="1">
   <subfield code="a">Nikaid, </subfield>
   <subfield code="h">Hiroshi </subfield>
  </datafield>
  <datafield tag="901" ind1=" " ind2=" ">
   <subfield code="u">http://www.cambridge.org</subfield>
  </datafield>
 </record>
</collection>
